Collected poems /

Bibliographic Details
Main Author: Garioch, Robert
Format: Book
Language:English
Published: Manchester [England] : Loanhead : Carcanet New Press ; MacDonald, 1980

MARC

Tag First Indicator Second Indicator Subfields
LEADER 00000cam a2200000 a 4500
001 in00000025703
005 20151007054438.0
008 811027c19801977enk 00010 gae d
020 |a 0856353167 
035 |a (OCoLC)07883056 
035 |9 AAB5084AM 
040 |a MIA  |c MIA  |d PIT  |d m/c  |d TXA  |d UtOrBLW 
041 1 |a eng  |h gem 
049 |a [Wein] TXAM  |c [A11052635] 
050 4 |a PR6057.A638  |b A17 1980 
100 1 |a Garioch, Robert. 
245 1 0 |a Collected poems /  |c Robert Garioch. 
264 1 |a Manchester [England] :  |b Carcanet New Press ;  |a Loanhead :  |b MacDonald,  |c 1980 
264 4 |c ©1977 
300 |a xiv, 208 pages ;  |c 22 cm. 
336 |a text  |b txt  |2 rdacontent 
337 |a unmediated  |b n  |2 rdamedia 
338 |a volume  |b nc  |2 rdacarrier 
500 |a Chiefly in Scottish dialect, with some poems in English. 
536 |a Poetry browsing collection: gift of Eleanor Weinbaum family. 
700 1 2 |a Garioch, Robert.  |t Poems.  |l English. 
700 1 2 |a Garioch, Robert.  |t Poems.  |l Lowlands Scots. 
999 |a MARS 
999 f f |s 390c7721-896b-3323-84f0-f2baff13f169  |i 9c78aa25-301b-30b0-871f-8ba154e4c54d  |t 0 
952 f f |p ric  |a Texas A&M University  |b Rellis Campus  |c Joint Library Facility  |d Remote Storage  |t 0  |e PR6057.A638 A17 1980  |h Library of Congress classification  |i unmediated -- volume  |m A14811052635 
998 f f |a PR6057.A638 A17 1980  |t 0  |l Remote Storage